Curso básico de lengua española para un aprendizaje activo / (Registro nro. 7133)

Detalles MARC
000 -LIDER
fixed length control field 02802nam a2200313 a 4500
001 - NÚMERO DE CONTROL
Identificador de número de control 000005862
003 - IDENTIFICACDOR DE NÚMERO DE CONTROL
control field DO-SdBNP
005 - DATE AND TIME OF LATEST TRANSACTION
control field 20171019111913.0
007 - CAMPOS FIJOS DE DESCRIPCIÓN FÍSICA
fixed length control field 000005862
008 - ELEMENTOS DE LONGITUD FIJA
fixed length control field 090824s2009 dr 001 0 spa d
020 ## - ISBN
International Standard Book Number 9789945162974
040 ## - FUENTE DE CATALOGACIÓN
Agencia que crea de manera original el registro BPMSU
Idioma de catalogación spa
Agencia que realiza la transcripción BPMSU
082 #4 - NÚMERO DE CLASIFICACIÓN DECIMAL DE DEWEY
Classification number 460.7
Item number A475c, 2009
100 1# - ASIENTO PRINCIPAL -- NOMBRE PERSONAL
Nombre personal Alvino Romero, Sonia
245 10 - MENCIÓN DE TITULO
Título Curso básico de lengua española para un aprendizaje activo /
Mención de responsabilidad Sonia Alvino Romero.
250 ## - MENCIÓN DE EDICION
Mención de edición 2a ed.
260 ## - PUBLICACIÓN, DISTRIBUCIÓN, ETC. (PIE DE IMPRENTA)
Lugar de publicación, distribución, etc Santo Domingo, :
Nombre del editor, distribuidor, etc. Búho,
Fecha de publicación, distribución, etc 2009.
300 ## - DESCRIPCIÓN FÍSICA
Extensión 137 p. ;
Dimensiones 28 cm.
504 ## - NOTA DE BIBLIOGRAFÍA, ETC.
Bibliography, etc Bibliografía : p. 135-137
505 0# - NOTA DE CONTENIDO
Título La comunicación --
-- La lectura --
-- La lengua --
-- Distintas modalidades en el uso de la lengua --
-- La oración: unidad de comunicación --
-- El párrafo --
-- Posición de la oración principal o temática --
-- Posición de la oración principal o temática --
-- Cualidades del párrafo --
-- Clasificación de los párrafos --
-- El resumen --
-- Técnicas para realizar un resumen --
-- Uso de las formas verbales --
-- Clasificación del verbo --
-- Formas no personales del verbo --
-- Formas de los tiempos verbales --
-- Uso de las formas verbales según los modos y los tiempos --
-- Las perífrasis verbales --
-- La acentuación --
-- Cómo acentuar las palabras --
-- ¿Cómo clasificar las palabras según el lugar del acento? --
-- Diptongos, triptongos e hiatos --
-- Uso de la tilde diacrítica --
-- Uso de las letras mayúsculas --
-- Los signos de puntuación --
-- Uso relativo al punto (. ) --
-- Uso relativo a la coma ( , ) --
-- Uso relativo al punto y coma ( ; ) --
-- Uso relativo de a los dos puntos ( : ) --
-- Uso relativo a los puntos suspensivos ( ... ) --
-- Uso de los signos de interrogación ( ¿? ) --
-- Uso de los signos de admiración ( ¡! ) --
-- Uso del paréntesis ( ) --
-- Uso de las comillas ( " ) ( >><< ) --
-- Uso de la raya o guión largo ( __ ) --
-- Uso del guíon (--)
-- La bibliografía --
-- Distintas modalidades de presentar las referencias bibliográficas --
-- La narración --
-- La estructura de la narración --
-- Los elementos de la oración --
-- Cómo iniciar la redacción de una oración --
-- La descripción --
-- Clasificación --
-- La exposición --
-- Qué hacer antes de redactar un texto expositivo --
-- Cualidades de un texto expositivo --
-- Formas de presentar o abordar un tema en un texto expositivo --
-- Esquema para un texto expositivo corto --
-- Esquema para texto un texto expositivo largo --
-- Bibliografía.
650 #4 - ENCABEZAMIENTO DE MATERIA--TEMÁTICO
Término temático o nombre geográfico como elemento de entrada ESPAÑOL
Subdivisión temática general ESTUDIO Y ENSEÑANZA
650 #4 - ENCABEZAMIENTO DE MATERIA--TEMÁTICO
Término temático o nombre geográfico como elemento de entrada ESPAÑOL
Subdivisión temática general EJERCICIOS DE REDACCIÓN
650 #4 - ENCABEZAMIENTO DE MATERIA--TEMÁTICO
Término temático o nombre geográfico como elemento de entrada ESPAÑOL
Subdivisión temática general GRÁMATICA
-- ESTUDIO Y ENSEÑANZA
650 #4 - ENCABEZAMIENTO DE MATERIA--TEMÁTICO
Término temático o nombre geográfico como elemento de entrada ESPAÑOL
Subdivisión temática general GRAMÁTICA
-- EJERCICIOS DE REDACCIÓN
910 ## - VALIDACIÓN
Validación Validado. Control de calidad BNPHU
942 ## - ADDED ENTRY ELEMENTS (KOHA)
Source of classification or shelving scheme Dewey Decimal Classification
Koha item type Libros
945 ## - INFORMACIÓN DE PROCESAMIENTO LOCAL
Información de procesamiento local Inventariado de texto / 2017 VM
956 ## - LOCAL ELECTRONIC LOCATION AND ACCESS (OCLC)
Nombre de host VMATEO
Número de acceso 10
Información de compresión 20150813
Inicio de sesión BPMSU
Procesador de solicitud 0069
Existencias
Withdrawn status Lost status Source of classification or shelving scheme Damaged status Not for loan Collection code Home library Current library Date acquired Source of acquisition Total Checkouts Full call number Barcode Date last seen Price effective from Koha item type Copy number
    Dewey Decimal Classification     Colección Escolar Biblioteca Pública Metropolitana Salomé Ureña Biblioteca Pública Metropolitana Salomé Ureña 07/14/2014 Donación   460.7 A475c 2009 BPMSU15040528 07/14/2014 07/14/2014 Libros  
    Dewey Decimal Classification     Colección Escolar Biblioteca Pública Metropolitana Salomé Ureña Biblioteca Pública Metropolitana Salomé Ureña 08/13/2015 Donado   460.7 A475c 2009 BPMSU15080392 08/13/2015 08/13/2015 Libros e. 2
    Dewey Decimal Classification     Colección Escolar Biblioteca Pública Metropolitana Salomé Ureña Biblioteca Pública Metropolitana Salomé Ureña 08/13/2015 Donación   460.7 A475c 2009 BPMSU15080393 08/13/2015 08/13/2015 Libros e. 3